Glee Finale Character Appearances Quiz Stats

Quiz not verified by Sporcle

Also try: TV Santas
Challenge
Share
Tweet
Embed
Score 0/40 Timer 07:00
0 Plays Today
Character % Correct
Rachel Berry
97.1%
Will Schuester
93.1%
Kurt Hummel
93.1%
Santana Lopez
92.5%
Quinn Fabray
91.9%
Tina Cohen-Chang
90.1%
Sue Sylvester
90.1%
Blaine Anderson
89.5%
Noah Puckerman
88.9%
Brittany S. Pierce
88.9%
Emma Pillsbury
87.8%
Mike Chang
87%
Mercedes Jones
85.4%
Artie Abrams
84.7%
Jake Puckerman
81.1%
Kitty Wilde
80.8%
Sam Evans
80.8%
Ryder Lynn
78.2%
Terri Schuester
77.9%
Burt Hummel
73.8%
Character % Correct
Becky Jackson
73.6%
Matt Rutherford
70.2%
Finn Hudson
70.2%
Principal Figgins
70%
Unique Adams
70%
Jesse St. James
66.7%
David Karofsky
63.6%
Sheldon Beiste
63%
Carole Hudson-Hummel
61.6%
Sugar Motta
59.9%
Joe Hart
59.9%
Mason McCarthy
59.3%
Madison McCarthy
57.8%
Lauren Zizes
57.7%
Jane Hayward
55.1%
Spencer Porter
52.8%
Roderick Meeks
52.5%
Myron Muskovitz
38.3%
Alistair
34.5%
Howard Bamboo
19.6%

You're not logged in!

Compare scores with friends on all Sporcle quizzes.
Sign Up with Email
OR
Log In

You Might Also Like...

Show Comments

Extras

Top Quizzes Today


Score Distribution

Your Account Isn't Verified!

In order to create a playlist on Sporcle, you need to verify the email address you used during registration. Go to your Sporcle Settings to finish the process.